[Event "Kalamazoo op"]
[Site "Kalamazoo"]
[Date "2001.07.28"]
[Round "3"]
[White "Jeromin, Mark"]
[Black "Kizer, Gerald"]
[Result "0-1"]
[WhiteElo "1006"]
[BlackElo "1524"]
[PlyCount "102"]
[EventDate "2001.07.28"]
[EventType "swiss"]
[EventRounds "5"]
[EventCountry "USA"]
[SourceTitle "EXT 2007"]
[Source "ChessBase"]
[SourceDate "2006.11.23"]
[SourceVersion "1"]
[SourceVersionDate "2006.11.23"]
[SourceQuality "1"]

1. c4 Nf6 2. Nc3 e6 3. g3 c5 4. Bg2 Nc6 5. e3 Be7 6. Nf3 d6 7. 0-0 0-0 8. d4 Nb8 9. a3 Nbd7 10. d5 e5 11. Ne1 Nb6 12. b3 Nfd7 13. a4 a5 14. Qc2 Nb8 15. Be4 f5 16. Bg2 Na6 17. Na2 Bd7 18. Bd2 Nb4 19. Nxb4 axb4 20. Qc1 e4 21. f4 Bf6 22. Ra2 Qe8 23. Qc2 Nxa4 24. bxa4 Bxa4 25. Qb1 b3 26. Ra3 b2 27. Bc3 Bxc3 28. Rxc3 b5 29. Qxb2 b4 30. Rc1 Bd7 31. Nc2 Ra4 32. Ra1 Qb8 33. Rxa4 Bxa4 34. Ra1 Bxc2 35. Qxc2 Qb7 36. Bf1 Ra8 37. Rxa8+ Qxa8 38. Qb2 Qa3 39. Qd2 b3 40. Qc3 Qa2 41. Bd3 b2 42. Bc2 Qa1+ 43. Kg2 b1Q 44. Bxb1 Qxc3 45. Bxe4 fxe4 46. Kh3 Qxe3 47. Kg2 Qf3+ 48. Kg1 e3 49. h4 e2 50. Kh2 e1Q 51. g4 Qef2# 0-1

[Event "Kalamazoo op07"]
[Site "Kalamazoo"]
[Date "2000.07.29"]
[Round "3"]
[White "Choate, Eric"]
[Black "Kizer, Gerald"]
[Result "1-0"]
[WhiteElo "1187"]
[BlackElo "1461"]
[PlyCount "91"]
[EventDate "2000.07.29"]
[EventType "swiss"]
[EventRounds "5"]
[EventCountry "USA"]
[SourceTitle "EXT 2007"]
[Source "ChessBase"]
[SourceDate "2006.11.23"]
[SourceVersion "1"]
[SourceVersionDate "2006.11.23"]
[SourceQuality "1"]

1. e4 e6 2. d4 d5 3. exd5 exd5 4. Nf3 Nf6 5. Bd3 Be7 6. 0-0 0-0 7. Nc3 Bg4 8. h3 Bxf3 9. Qxf3 c6 10. Bf4 Bd6 11. Rfe1 Qc7 12. Be5 Nbd7 13. Bxd6 Qxd6 14. a3 Rfe8 15. Re2 Rxe2 16. Qxe2 Re8 17. Qd2 Ne4 18. Nxe4 dxe4 19. Bc4 Nf6 20. Re1 Kf8 21. c3 Nd5 22. Qg5 Qf6 23. Qh5 e3 24. fxe3 Rxe3 25. Rf1 Qg6 26. Qxg6 hxg6 27. Bxd5 cxd5 28. Kf2 Rd3 29. Re1 Rd2+ 30. Re2 Rxe2+ 31. Kxe2 g5 32. b3 Ke7 33. c4 f5 34. Kd3 Ke6 35. Kc3 Kd6 36. Kb4 Kc6 37. Ka5 g6 38. a4 Kd6 39. Kb5 f4 40. a5 g4 41. hxg4 g5 42. a6 b6 43. b4 dxc4 44. Kxc4 Ke6 45. Kd3 Kd5 46. b5 1-0

[Event "Kalamazoo op10"]
[Site "Kalamazoo"]
[Date "1999.10.16"]
[Round "3"]
[White "Henkel, Scott"]
[Black "Kizer, Gerald"]
[Result "1-0"]
[WhiteElo "1319"]
[BlackElo "1468"]
[PlyCount "117"]
[EventDate "1999.10.16"]
[EventType "swiss"]
[EventRounds "3"]
[EventCountry "USA"]
[SourceTitle "EXT 2007"]
[Source "ChessBase"]
[SourceDate "2006.11.23"]
[SourceVersion "1"]
[SourceVersionDate "2006.11.23"]
[SourceQuality "1"]

1. e4 e6 2. d4 d5 3. Nc3 Bb4 4. Nge2 dxe4 5. a3 Bxc3+ 6. Nxc3 Nf6 7. Bg5 h6 8. Bxf6 Qxf6 9. Nxe4 Qe7 10. Bb5+ Bd7 11. Bxd7+ Nxd7 12. 0-0 0-0 13. c4 Nf6 14. Qf3 Nxe4 15. Qxe4 Rfe8 16. b4 c6 17. c5 Qd7 18. Rfe1 Qd5 19. Qxd5 exd5 20. f3 f5 21. f4 Re4 22. Rxe4 fxe4 23. Kf2 Rf8 24. Ke3 g5 25. g3 Kg7 26. Rf1 Kg6 27. g4 gxf4+ 28. Rxf4 Rxf4 29. Kxf4 Kf6 30. h4 Kg6 31. Kg3 Kf6 32. Kf4 Ke6 33. a4 a6 34. g5 hxg5+ 35. hxg5 Kf7 36. Ke3 Kg6 37. Kf4 e3 38. Kxe3 Kxg5 39. Kf3 Kf5 40. a5 Kg5 41. Kg3 Kh5 42. Kf4 Kh4 43. Ke5 Kg3 44. Kd6 Kf4 45. Kc7 Ke4 46. Kxb7 Kxd4 47. Kxc6 Kc4 48. Kb6 d4 49. c6 d3 50. c7 Kxb4 51. c8Q Kb3 52. Qc1 Kb4 53. Qd2+ Kc4 54. Kxa6 Kc5 55. Qxd3 Kc6 56. Qd4 Kc7 57. Qd5 Kc8 58. Qf7 Kd8 59. Kb6 1-0